| 000 | 00460cam a2200193ua 4500 | ||
|---|---|---|---|
| 001 | 1441 | ||
| 005 | 20260515113332.0 | ||
| 008 | 110708n ii |||gr||||Z||||||eng | ||
| 040 | _cMAIN | ||
| 082 | _a330.954 | ||
| 100 |
_aTamuly, R., _eAuthor. |
||
| 245 | 1 |
_aBharatiya arthaniti _cby R. Tamuly |
|
| 250 | _a1st. | ||
| 260 |
_aDigboi: _bParag Kr. Tamuly,986. |
||
| 300 |
_a242p: _c23cm. |
||
| 653 | _aEconomics | ||
| 653 | _aBharatiya arthaniti | ||
| 942 | _cBK | ||
| 999 |
_c1331 _d1331 |
||